000
00330nam a2200145Ia 4500
008
090124s9999 xx 000 0 und d
082
_b
301923
245
_a
बेरड
250
_a
1
260
_b
साठे माया
_c
1987
300
_a
196
630
_a
बेरड
730
_a
बेरड
942
_c
BOOK
999
_c
191525
_d
191525